000 01056nas a2200337 4500
001 BR2013004498
003 BR-BrBNA
005 20231205122438.0
007 ta
008 230509b bl.|||p| |||| 00| 00por d
040 _aBR-BrBNA
_bpor
_cBiblioteca Nacional de Agricultura
041 _a(Pt)
072 _aP33; F08
100 1 _aSilva, V.L. da
100 1 _aDieckow, J.
100 1 _aMellek, J.E.
100 1 _aMolin, R.
100 1 _aFavaretto, N.
100 1 _aPauletti, V.
100 1 _aVezzani, F.M.
245 1 _aMelhoria da estrutura de um latossolo por sistemas de culturas em plantio direto nos campos gerais do Paraná
650 _aLEGUMINOSA
650 _aMANEJO DO SOLO
650 _aSISTEMA DE CULTIVO
650 _aPLANTIO DIRETO
650 _aPOROSIDADE
773 0 _tRevista Brasileira de Ciência do Solo (Brazil)
_xISSN 0100-0683
_g(May-Jun 2012), v. 36(3) p. 983-992
_wBR2013004498
856 4 0 _uhttp://www.scielo.br/pdf/rbcs/v36n3/28.pdf
909 _a202311
_bLúcia
_c55
_dLúcia Elande
942 _2AGRIS
_n0
_cANA
999 _c228689
_d228689